[Event "MEX ol U12 Girls"]
[Site "Guanajuato"]
[Date "2002.07.15"]
[Round "4"]
[White "Sianez Heras, Susana Priscilla"]
[Black "Chavez Medina, Ivonne"]
[Result "0-1"]
[WhiteElo "1419"]
[BlackElo "1331"]
[PlyCount "122"]
[EventDate "2002.07.13"]
[EventType "swiss"]
[EventRounds "6"]
[EventCountry "MEX"]
[SourceTitle "EXT 2003"]
[Source "ChessBase"]
[SourceDate "2002.11.25"]
[SourceVersion "1"]
[SourceVersionDate "2002.11.25"]
[SourceQuality "1"]

1. e4 e5 2. Nf3 Nc6 3. Bc4 Bc5 4. c3 Bb6 5. d4 Qe7 6. 0-0 Nf6 7. Re1 0-0 8. b4 d6 9. Ba3 Bg4 10. Qd3 Nh5 11. dxe5 dxe5 12. b5 Nf4 13. Bxe7 Nxd3 14. Bxf8 Nxe1 15. Nxe1 Na5 16. Bxg7 Nxc4 17. Bh6 Rd8 18. Kf1 Rd1 19. f3 Bd7 20. Ke2 Rd6 21. Bc1 Bxb5 22. f4 f6 23. a4 Ba6 24. Kf3 Rd1 25. fxe5 Rxc1 26. e6 Kf8 27. Nd3 Ne5+ 28. Nxe5 fxe5 29. Kg4 Ke7 30. Kf5 Bd3 31. a5 Bc5 32. a6 bxa6 33. Ra5 Bd6 34. Nd2 Rd1 35. Nf3 Rf1 36. Kg5 Kxe6 37. Kg4 Be2 38. Kg3 Bxf3 39. gxf3 Rg1+ 40. Kf2 Rc1 41. Rxa6 Rxc3 42. Kg2 Ra3 43. Rc6 Ra2+ 44. Kg3 a5 45. Kg4 Rxh2 46. Ra6 Rg2+ 47. Kh3 Ra2 48. Kh4 Kf6 49. Kh5 h6 50. Kg4 Kg6 51. f4 h5+ 52. Kf3 Kf6 53. fxe5+ Kxe5 54. Ke3 h4 55. Kf3 h3 56. Kg3 h2 57. Rxa5+ Rxa5 58. Kxh2 Kxe4+ 59. Kh3 Kf3 60. Kh4 Rf5 61. Kh3 Rh5# 0-1